| Tag |
First Indicator |
Second Indicator |
Subfields |
| LEADER |
00000nam a2200000Ia 4500 |
| 001 |
in00004333213 |
| 005 |
20200812093854.0 |
| 006 |
m g d |
| 007 |
cr bn |||a|bb| |
| 008 |
070508s1698 enk o 000 0 eng d |
| 040 |
|
|
|a UMI
|c UMI
|e dcrb
|
| 035 |
|
|
|a (OCoLC)124064223
|
| 037 |
|
|
|a CL0037000129
|b ProQuest Information and Learning, 789 E. Eisenhower Parkway, Ann Arbor, MI 48108-3218
|
| 041 |
1 |
|
|a eng
|h lat
|
| 043 |
|
|
|a e-uk---
|
| 090 |
|
|
|a QA35
|b .M27 1698
|
| 049 |
|
|
|a UMIA
|
| 100 |
1 |
|
|a Mandey, Venterus.
|
| 245 |
1 |
0 |
|a Mellificium mensionis: or, The marrow of measuring, :
|b wherein a new and ready way is shewn how to measure glazing, painting, plastering, masonry, joyners, carpenters and brick-layers works. As also the measuring of land and all other snperficies [sic] and solids, by vulgar arithmetick, without reducing the integers into the least denomination; giving the content of any superficies or solid, consisting of feet, inches, and parts of inches, in a fourth part of the time and labour required by the usal [sic] way in vulgar arithmetick. Together with some choice principles and problems of geometry conducing thereto. The whole treatise being comprized in six books, and illustrated with copper cuts. An account whereof is given in the Epistle to the reader; the like not heretofore published. /
|c By Venterus Mandey.
|
| 246 |
3 |
0 |
|a Marrow of measuring
|
| 250 |
|
|
|a The second edition corrected.
|
| 260 |
|
|
|a London, :
|b Printed: sold by Samuel Clark in George-yard in Lumbard-Street, bookseller,
|c 1698.
|
| 300 |
|
|
|a 1 online resource ([26], 376, [2] pages :
|b illustrations (some folded).
|
| 336 |
|
|
|a text
|b txt
|2 rdacontent
|
| 337 |
|
|
|a computer
|b c
|2 rdamedia
|
| 338 |
|
|
|a online resource
|b cr
|2 rdacarrier
|
| 500 |
|
|
|a Title within double line border.
|
| 500 |
|
|
|a Each of six books, except the first, have special t.p.
|
| 500 |
|
|
|a Reproduction of original in the University of Toronto Library.
|
| 505 |
0 |
|
|a Rudiments of geometry -- A garden of geometrical roses, or, Some propositions being hitherto hid are now made known / written in Latin by Thomas Hobbes and now translated into English by Ven. Mandey -- Some principles and problems in geometry thought formerly desperate now briefly explained and demonstrated / written in Latin by Thomas Hobbes and now translated into English by Ven. Mandey -- Measuring of glazing, painting, plaistering, masonry, [double bracket] joynery, carpenters and bricklayers works by Vulgar Arithmetick without reducing the integers into the least denomination / by Ven. Mandey -- Measuring of superficial plains by vulgar arithmetick without reducing the integers into the least denomination together with directions for the measuring of land / by Ven. Mandey -- Measuring of solids / by Ven. Mandey.
|
| 510 |
4 |
|
|a Wing (2nd edition),
|c M420C
|
| 533 |
|
|
|a Electronic reproduction.
|b Ann Arbor, Mich. :
|c UMI,
|d 1999-
|f (Early English books online)
|n Digital version of: (Early English books; 1641-1700 ; 2913:1)
|7 s1999 miun s
|
| 650 |
|
0 |
|a Geometry
|v Early works to 1800.
|
| 650 |
|
0 |
|a Mensuration
|v Early works to 1800.
|
| 700 |
1 |
|
|a Hobbes, Thomas,
|d 1588-1679.
|
| 740 |
0 |
2 |
|a Rudiments of geometry.
|
| 740 |
0 |
2 |
|a Garden of geometrical roses, or, Some propositions being hitherto hid are now made known.
|
| 740 |
0 |
2 |
|a Some principles and problems in geometry thought formerly desperate now briefly explained and demonstrated.
|
| 740 |
0 |
2 |
|a Measuring of glazing, painting, plaistering, masonry, joynery, carpenters and bricklayers works by vulgar arithmetick without reducing the integers into the least denomination.
|
| 740 |
0 |
2 |
|a Measuring of superficial plains by Vulgar Arithmetick without reducing the integers into the least denomination together with directions for the measuring of land.
|
| 740 |
0 |
2 |
|a Measuring of solids.
|
| 830 |
|
0 |
|a Early English books online.
|
| 856 |
4 |
0 |
|u http://proxy.library.tamu.edu/login?url=https://search.proquest.com/docview/2240951675
|z Connect to the full text of this electronic book
|t 0
|
| 994 |
|
|
|a 02
|b UMI
|
| 999 |
f |
f |
|s 78e72ec0-952c-361b-b5c1-6d0a2b1e70b5
|i 6893f003-aae9-3796-a1d5-312b63823207
|t 0
|
| 952 |
f |
f |
|a Texas A&M University
|b College Station
|c Electronic Resources
|d Available Online
|t 0
|e QA35 .M27 1698
|h Library of Congress classification
|
| 998 |
f |
f |
|a QA35 .M27 1698
|t 0
|l Available Online
|